| 000 | 00539nam a2200205Ia 4500 | ||
|---|---|---|---|
| 005 | 20250505125010.0 | ||
| 008 | 008 250505s9999 xx 000 0 eng d | ||
| 037 | _aTextbook | ||
| 040 |
_aLCO _beng _cLCO |
||
| 041 |
_aeng _2eng |
||
| 084 |
_aX8(A):Z R4 _qLCO |
||
| 100 | _aRouth, Supriya | ||
| 245 | 0 |
_aLabour Justice _cSupriya Routh |
|
| 260 |
_aNew Delhi _bCambridge University Press _c2024 |
||
| 300 | _a230 | ||
| 365 |
_aINR _b1195 |
||
| 650 | _aLaw | ||
| 942 |
_cTB _hX8(A):Z R4 |
||
| 999 |
_c1311019 _d1311019 |
||